Odhad novej Keynesovskej Phillipsovej krivky v podmienkach Slovenskej republiky

Nová Keynesovská Phillipsova krivka. Nový pohľad na charakter dynamiky inflácie. Hybridná nová Keynesovská Phillipsova krivka (HNKPC). Odhad HNKPC.

Uložené v:
Podrobná bibliografia
Hlavný autor: König, Brian, 1983-
Médium: Kapitola
Jazyk:Slovak
Predmet:
Tagy: Pridať tag
Žiadne tagy, Buďte prvý, kto otaguje tento záznam!

MARC

LEADER 00000nla$a2200000$$$4500
001 0145713
005 20240502072629.6
041 0 |a slo 
044 |a SK 
245 1 0 |a Odhad novej Keynesovskej Phillipsovej krivky v podmienkach Slovenskej republiky  |c Brian König 
520 |a Nová Keynesovská Phillipsova krivka. Nový pohľad na charakter dynamiky inflácie. Hybridná nová Keynesovská Phillipsova krivka (HNKPC). Odhad HNKPC. 
610 2 0 |a inflácia 
610 2 0 |a ceny 
610 2 0 |a produkcia 
610 2 0 |a náklady mzdové 
610 2 0 |a miera úroková 
610 2 0 |a vklady 
100 1 |a König, Brian, 1983-